[Event "BIH-chT 29th"]
[Site "Bihac"]
[Date "2022.08.25"]
[Round "4.5"]
[White "Halilovic, Fahrudin"]
[Black "Babic, Milana"]
[Result "1-0"]
[WhiteElo "2012"]
[BlackElo "1939"]
[PlyCount "69"]
[EventDate "2022.08.23"]
[EventType "tourn"]
[EventRounds "9"]
[EventCountry "BIH"]
[SourceTitle "CBM 210 Extra"]
[Source "ChessBase"]
[SourceDate "2022.11.30"]
[SourceVersion "1"]
[SourceVersionDate "2022.11.30"]
[SourceQuality "1"]

1. c4 Nf6 2. Nc3 d6 3. g3 Nbd7 4. Bg2 e5 5. e4 c6 6. d3 Be7 7. Nge2 0-0 8. 0-0 a6 9. a4 a5 10. h3 Ne8 11. f4 exf4 12. Nxf4 Qb6+ 13. Kh1 Bf6 14. Nce2 Nc5 15. Nh5 Qb3 16. Nxf6+ Nxf6 17. Bf4 Qxd1 18. Rfxd1 Rd8 19. g4 Be6 20. g5 Ne8 21. Be3 Nc7 22. Nf4 N7a6 23. d4 Nb4 24. dxc5 Nc2 25. Nxe6 fxe6 26. Rac1 Nxe3 27. Rxd6 Kf7 28. Bf3 Ke7 29. Rc3 Nxc4 30. Rxd8 Rxd8 31. Rxc4 Rd2 32. b4 Rf2 33. Bg4 Rd2 34. bxa5 e5 35. Rb4 1-0

[Event "BIH-chT (Women) 18th"]
[Site "Neum"]
[Date "2021.09.17"]
[Round "1.1"]
[White "Babic, Milana"]
[Black "Popadic, Milica"]
[Result "1/2-1/2"]
[WhiteElo "1922"]
[BlackElo "1657"]
[PlyCount "130"]
[EventDate "2021.09.17"]
[EventType "team-tourn"]
[EventRounds "3"]
[EventCountry "BIH"]
[SourceTitle "EXT 2023"]
[Source "ChessBase"]
[SourceDate "2022.10.05"]
[SourceVersion "1"]
[SourceVersionDate "2022.10.05"]
[SourceQuality "1"]
[WhiteTeam "Gracanica (W)"]
[BlackTeam "Zenica Napredak (W)"]
[WhiteTeamCountry "BIH"]
[BlackTeamCountry "BIH"]

1. Nf3 d6 2. d4 Nd7 3. c4 Ngf6 4. Nc3 e5 5. e4 Be7 6. g3 0-0 7. Bg2 Re8 8. 0-0 h6 9. b3 c6 10. Bb2 Qc7 11. Qd2 Bf8 12. Rad1 a6 13. h3 b5 14. cxb5 axb5 15. a3 Qb6 16. Rfe1 Bb7 17. Bf1 Rad8 18. Qc2 Bc8 19. d5 Ba6 20. dxc6 Qxc6 21. Rc1 Rc8 22. Qe2 Qb7 23. a4 Qb6 24. axb5 Bb7 25. Nd2 Nc5 26. Na4 Qd8 27. Nxc5 dxc5 28. Red1 Qb6 29. Qe3 Qe6 30. Bg2 Qb6 31. Nc4 Qxb5 32. Bxe5 Re6 33. Bxf6 Rxf6 34. e5 Re6 35. Bxb7 Qxb7 36. Nd6 Bxd6 37. Rxd6 Qe7 38. Rxe6 Qxe6 39. Kh2 Qd5 40. Rc3 Rc6 41. Rd3 Qe6 42. Rd8+ Kh7 43. Qd3+ g6 44. Rd6 Qe8 45. Rxc6 Qxc6 46. Qc3 Qd5 47. Qc4 Qf3 48. Kg1 Kg7 49. e6 fxe6 50. Qxe6 Qd1+ 51. Kg2 Qd4 52. Qe3 Qd5+ 53. Kh2 h5 54. g4 hxg4 55. hxg4 g5 56. Qc3+ Kg6 57. Qc4 Qf3 58. Qxc5 Qxf2+ 59. Kh3 Qf3+ 60. Kh2 Qf4+ 61. Kg2 Qxg4+ 62. Kf1 Qd1+ 63. Kg2 Qg4+ 64. Kf1 Qd1+ 65. Kg2 Qg4+ 1/2-1/2

[Event "BIH-chT1A 28th"]
[Site "Mostar"]
[Date "2021.08.11"]
[Round "9.2"]
[White "Vego, Nikica"]
[Black "Babic, Milana"]
[Result "1-0"]
[WhiteElo "2172"]
[BlackElo "1856"]
[PlyCount "125"]
[EventDate "2021.08.06"]
[EventType "team-tourn"]
[EventRounds "9"]
[EventCountry "BIH"]
[SourceTitle "CBM 203 Extra"]
[Source "ChessBase"]
[SourceDate "2021.09.30"]
[SourceVersion "1"]
[SourceVersionDate "2021.09.30"]
[SourceQuality "1"]
[WhiteTeam "Mostar Zrinjski"]
[BlackTeam "Gracanica"]
[WhiteTeamCountry "BIH"]
[BlackTeamCountry "BIH"]

1. e4 c6 2. d4 d5 3. Nc3 g6 4. Nf3 Bg7 5. Be3 dxe4 6. Nxe4 Nd7 7. Qd2 Ngf6 8. Nxf6+ Nxf6 9. 0-0-0 0-0 10. Bh6 Bg4 11. Bxg7 Kxg7 12. Qf4 Qd6 13. Qxd6 exd6 14. Bd3 Nd5 15. Rhe1 Nf4 16. Bf1 Rfe8 17. Re3 Re6 18. Rb3 Ne2+ 19. Kb1 Bxf3 20. Rxf3 Nxd4 21. Rfd3 Nf5 22. g4 Nh6 23. h3 Rae8 24. c4 f5 25. f3 Nf7 26. Kc2 Re3 27. Kd2 Rxd3+ 28. Bxd3 Ne5 29. Be2 d5 30. cxd5 cxd5 31. Rc1 Nc6 32. a3 Re7 33. b4 a6 34. Rc5 Nd4 35. Bd1 Nb5 36. gxf5 Nxa3 37. fxg6 Nc4+ 38. Kc3 Ne3 39. Bb3 Kxg6 40. Kd4 Kh5 41. Bxd5 Nf5+ 42. Kd3 Rd7 43. Ke4 b6 44. Rc1 Ng3+ 45. Ke5 Kh4 46. Rc6 Re7+ 47. Be6 Rb7 48. f4 a5 49. b5 Nh5 50. f5 Kg5 51. Rc4 Rg7 52. Rg4+ Kh6 53. f6 Rxg4 54. hxg4 Ng3 55. Kd6 Ne4+ 56. Ke7 Ng5 57. f7 Nxf7 58. Bxf7 Kg5 59. Be6 Kf4 60. Kd6 a4 61. Kc6 a3 62. Kxb6 a2 63. Bxa2 1-0

[Event "Paracin Amateur op"]
[Site "Paracin"]
[Date "2020.02.04"]
[Round "7"]
[White "Babic, Milana"]
[Black "Djokic, Slavoljub"]
[Result "0-1"]
[WhiteElo "1689"]
[BlackElo "2109"]
[PlyCount "108"]
[EventDate "2020.01.31"]
[EventType "swiss"]
[EventRounds "9"]
[EventCountry "SRB"]
[SourceTitle "CBM 194 Extra"]
[Source "ChessBase"]
[SourceDate "2020.03.31"]
[SourceVersion "1"]
[SourceVersionDate "2020.03.31"]
[SourceQuality "1"]

1. Nf3 Nf6 2. g3 g6 3. Bg2 Bg7 4. 0-0 0-0 5. d4 d6 6. c4 c5 7. Nc3 cxd4 8. Nxd4 Nc6 9. e3 Bd7 10. b3 a6 11. Qd2 Rc8 12. Bb2 Nxd4 13. exd4 Bc6 14. Rfe1 Bxg2 15. Kxg2 e6 16. Rad1 d5 17. c5 b6 18. Na4 Nd7 19. Ba3 Re8 20. cxb6 Nxb6 21. Nc5 Ra8 22. Rc1 Nd7 23. Nb7 Qb6 24. Nd6 Red8 25. Qf4 Nf6 26. g4 Rd7 27. Re2 g5 28. Qxg5 Rxd6 29. Bxd6 Qxd6 30. Rec2 Qd8 31. Rc7 h6 32. Qf4 Qf8 33. Rb7 Ne4 34. Rcc7 Nd6 35. Rb6 Nb5 36. Rcb7 Bxd4 37. Rc6 Bg7 38. Rcb6 e5 39. Qf3 Rd8 40. Rxa6 Nd4 41. Qd1 Qc5 42. Raa7 Rf8 43. Rd7 Ne6 44. Kg1 Nf4 45. Qd2 d4 46. Rac7 Qb5 47. h4 Qa6 48. Kh2 Qf1 49. f3 Qxf3 50. b4 Qh3+ 51. Kg1 Qxg4+ 52. Kh1 Ne2 53. Kh2 Qg3+ 54. Kh1 Qg1# 0-1

[Event "EU School-ch U09 Girls"]
[Site "Budva"]
[Date "2017.06.11"]
[Round "1"]
[White "Babic, Milana"]
[Black "Novikova, Daria1111"]
[Result "1-0"]
[WhiteElo "1529"]
[BlackElo "1134"]
[PlyCount "49"]
[EventDate "2017.06.11"]
[EventType "swiss"]
[EventRounds "9"]
[EventCountry "MNE"]
[SourceTitle "EXT 2024"]
[Source "ChessBase"]
[SourceDate "2023.10.10"]
[SourceVersion "1"]
[SourceVersionDate "2023.10.10"]
[SourceQuality "1"]

1. e4 c5 2. Nc3 e6 3. d3 a6 4. Nf3 Qc7 5. Be2 Nc6 6. Be3 Nf6 7. Qd2 Be7 8. 0-0 0-0 9. Rfe1 b5 10. a3 Bb7 11. Bg5 Rac8 12. Rac1 Rfd8 13. h3 d5 14. exd5 Nxd5 15. Bxe7 Ncxe7 16. Ne4 Qf4 17. g3 Qxd2 18. Nfxd2 Nf5 19. Nb3 c4 20. dxc4 bxc4 21. Na5 Ba8 22. Nxc4 Nd4 23. Ncd2 Rxc2 24. Rxc2 Nxc2 25. Rc1 1-0

[Event "Sarajevo Bosna op 47th"]
[Site "Sarajevo"]
[Date "2017.05.16"]
[Round "6"]
[White "Kuljanin, Filip"]
[Black "Babic, Milana"]
[Result "1-0"]
[WhiteElo "1895"]
[BlackElo "1520"]
[PlyCount "93"]
[EventDate "2017.05.13"]
[EventType "swiss"]
[EventRounds "9"]
[EventCountry "BIH"]
[SourceTitle "CBM 178 Extra"]
[Source "ChessBase"]
[SourceDate "2017.06.22"]
[SourceVersion "1"]
[SourceVersionDate "2017.06.22"]
[SourceQuality "1"]

1. e4 e5 2. Nf3 Nc6 3. Bc4 Nf6 4. Ng5 d5 5. exd5 Na5 6. Bb5+ c6 7. dxc6 bxc6 8. Be2 Be7 9. d3 0-0 10. 0-0 Bf5 11. Nc3 Nd5 12. Nge4 Nxc3 13. Nxc3 Qd7 14. Bf3 Rad8 15. Be3 Rfe8 16. Ne4 h6 17. a3 Ra8 18. d4 exd4 19. Qxd4 Qxd4 20. Bxd4 Bxe4 21. Bxe4 Bd6 22. Bf3 Red8 23. Bc3 Nc4 24. Bxc6 Rab8 25. Ba4 Rdc8 26. Bb3 Nb6 27. Rfd1 Bc7 28. Rd3 Rd8 29. Rad1 Rxd3 30. Rxd3 Re8 31. Kf1 a6 32. a4 Rd8 33. Rxd8+ Bxd8 34. Ba5 Bc7 35. Ke2 Kf8 36. Kd3 f6 37. f4 Ke7 38. f5 Kd7 39. Kd4 Be5+ 40. Kc5 Na8 41. c3 Bxh2 42. Be6+ Ke7 43. Kc6 h5 44. Kb7 Kd6 45. Kxa8 Kc5 46. Kb7 h4 47. Bb4# 1-0

[Event "Sarajevo Bosna op 47th"]
[Site "Sarajevo"]
[Date "2017.05.13"]
[Round "1"]
[White "Reinhard, Marcus"]
[Black "Babic, Milana"]
[Result "1-0"]
[WhiteElo "2168"]
[BlackElo "1520"]
[PlyCount "78"]
[EventDate "2017.05.13"]
[EventType "swiss"]
[EventRounds "9"]
[EventCountry "BIH"]
[SourceTitle "CBM 178 Extra"]
[Source "ChessBase"]
[SourceDate "2017.06.22"]
[SourceVersion "1"]
[SourceVersionDate "2017.06.22"]
[SourceQuality "1"]

1. e4 e5 2. Nc3 Nf6 3. f4 exf4 4. Nf3 Bb4 5. e5 Bxc3 6. dxc3 Ng8 7. Bxf4 Ne7 8. Bc4 0-0 9. Qd2 h6 10. 0-0-0 Ng6 11. Bg3 Re8 12. Qd3 Nc6 13. Qxg6 Qe7 14. Bh4 Qf8 15. Rhe1 Na5 16. Qd3 Nxc4 17. Qxc4 d6 18. exd6 cxd6 19. Rxe8 Qxe8 20. Re1 Qd7 21. Qe4 a6 22. h3 Qe6 23. Qxe6 Bxe6 24. Nd4 Re8 25. Kd2 Kf8 26. Bg3 d5 27. a4 g6 28. Be5 h5 29. g4 hxg4 30. hxg4 Rd8 31. Bf6 Rd6 32. Rh1 Ke8 33. g5 b6 34. b4 Bf5 35. Rh8+ Kd7 36. b5 a5 37. Be5 Re6 38. Nxe6 Kxe6 39. Bd4 Be4 1-0